00587nam a2200181Ia 4500008004100000082001300041100002600054245004900080250000800129260003000137300001100167500002400178650001500202700003700217942000700254952012700261999001700388230524s9999 xx 000 0 und d a612bJOS aVijaya D.Joshi923865 0aPhysiology (Prep Manual for Undergraduates)  a3RD aNEW DELHIbElsevierc2005 aVI;655 aQuantity Number: 1 aBiomedical a Sadhana Joshi-Mendhurwar923866 cBK 00104070aTATCLbTATCLcGENd2023-05-24l1o612 JOSp10796q2015-06-01r2024-02-02s2024-02-02w2023-05-24yBKzBSCP1102 c35334d35334